Woodcock-Johnson psycho-educational battery-revised : recommendations and reports
Αποθηκεύτηκε σε:
| Κύριος συγγραφέας: | |
|---|---|
| Άλλοι συγγραφείς: | |
| Μορφή: | Βιβλίο |
| Γλώσσα: | English |
| Δημοσίευση: |
New York :
John Wiley,
1992
|
| Θέματα: | |
| Ετικέτες: |
Προσθήκη ετικέτας
Δεν υπάρχουν, Καταχωρήστε ετικέτα πρώτοι!
|
MARC
| LEADER | 00000nam a2200000 i 4500 | ||
|---|---|---|---|
| 001 | 1/82471 | ||
| 008 | 990525s1992 eng d | ||
| 020 | |a 0-471-16210-8 | ||
| 035 | |l 10051094 | ||
| 040 | |a GR-MY-UA |b gre |e aacr | ||
| 041 | 0 | |a eng | |
| 082 | 0 | |a 371.26 | |
| 100 | 1 | |a Mather, Nancy. | |
| 245 | 1 | 0 | |a Woodcock-Johnson psycho-educational battery-revised : |b recommendations and reports / |c Nancy Mather, Lynne Jaffe |
| 260 | |a New York : |b John Wiley, |c 1992 | ||
| 300 | |a 382 p. | ||
| 650 | 0 | 0 | |a Woodcock-Johnson Psycho-Educational Battery. |
| 700 | 1 | |a Jaffe, Lynne |d 1946- | |
| 852 | |a INST |b RHODES |e 19990525 |h 371.26 MAT |p 005400011722 |q 005400011722 |t BK |y 0 | ||
| 901 | |a BIBL4-1999-2 | ||
| 909 | |a Ρ |b 064748 |c 1999 | ||
| 922 | |a 4ΕΛΗ |b 199903 |d LEADER | ||